1 Billion streams club : One Direction - Statistics

General Stats
  • This quiz has been taken 47 times
  • The average score is 5 of 6
Answer Stats
Album Song Streams % Correct
Up All Night What Makes You Beautiful 1.9B
97%
Four Night Changes 2.5B
92%
Made in the A.M. Drag Me Down 1.4B
84%
Midnight Memories Story of My Life 1.9B
82%
Four Steal My Girl 1.2B
74%
Made in the A.M. Perfect 1.2B
71%
No matching quizzes found
Score Distribution
Percent of People with Each Score
Percentile by Number Answered
Your Score History
You have not taken this quiz